Wolverhampton Wanderers most G+A each season 2020s - Statistics

General Stats
  • This quiz has been taken 10 times
  • The average score is 8 of 12
Answer Stats
Season Answer % Correct
2019-20 - 16 Adama Traore
89%
2019-20 - 30 Raul Jimenez
89%
2021-22 - 11 Raul Jimenez
89%
2019-20 - 14 Diogo Jota
78%
2020-21 - 7 Ruben Neves
78%
2022-23 - 7 Ruben Neves
78%
2020-21 - 11 Pedro Neto
56%
2021-22 - 9 Daniel Podence
44%
2022-23 - 7 Daniel Podence
44%
2020-21 - 7 Fabio Silva
44%
2022-23 - 6 Hwang Hee-Chan
33%
2021-22 - 7 Leander Dendoncker
33%
No matching quizzes found
Score Distribution
Percent of People with Each Score
Percentile by Number Answered
Your Score History
You have not taken this quiz